01042nam a22002777a 4500001000700000003000900007005001700016007000700033008004000040040002200080082002900102100002100131245016200152246003200314260004100346300003300387650002600420650004400446650002100490700002000511700003600531700003500567942001200602952013300614999001700747000546DO-SdBNP20220527094425.0000546161011b 1994 sp a |||||| 00| 0 spa d aBPMSUbspacBPMSU aR591.5 b T238a 19942221 aTaylor, Barbara 00a Atlas visuales de los animales /b cBarbara Taylor ; ilustración Kenneth Lilly ; traducción Juan Santisteban ; revisión científica Ángel Moreno.0 aLos grandes atlas visuales  aBarcelona : bEl Periódico, c1994 av.:bil. ; mapas ; c36 cm.  4aAnimalesv Atlas. x  4aConducta animalvLiteratura juvenil.x  4aAtlas ilustrado.1 aLilly, Kenneth1 aSantisteban, Juan, etraductor 1 aMoreno, Ángel, erevisión  2ddccBK 00102ddc40708CR-GaBPMETbBPMETd2022-05-27eFUNDIoBPMSU CGR R591.5 T238a 1994pBPMSU22050078r2022-05-27w2022-05-27yBK c11534d11534